| 000 | 00589nam a2200157Ia 4500 | ||
|---|---|---|---|
| 008 | 220216s9999 xx 000 0 und d | ||
| 100 | _aMohanan K.G. | ||
| 245 | 2 | _aA study on the effect of timber trees in rubber smallholdings on the growth of young rubber | |
| 260 |
_bIn: Preprints of Papers. International Natural Rubber Conference, India 2005, 6-8 November 2005, Rubber Research Institute of India, Kottayam, Kerala, India, pp. 287 _c2005 |
||
| 650 | _aGrowth | ||
| 650 | _aSmallholdings | ||
| 650 | _aTimber tree | ||
| 700 | _aManilal P.P. | ||
| 700 | _aShaji P.P. | ||
| 942 | _cBS | ||
| 999 |
_c52692 _d52692 |
||